000 00848nam a22002417a 4500
999 _c14815
_d14815
003 AR-CdUCM
008 190415b ||||| |||| 00| 0 spa d
020 _a978-9972-59-622-3
040 _aMUNICIPALIDAD PROVINCIAL DEL CUSCO
_cBIBLIOTECA MUNICIPAL DEL CUSCO
082 _aEP / 803 /
_bUR77
100 _aUribe, Alejandro.
_931796
245 _aLos rakshasas :
_bEl don de la oscuridad (mitología hindú) /
260 _aLima :
_bCorporación gráfica Navarrete S.A.,
_c2015.
300 _a46 páginas ;
_c21 cm.
440 _aSeres mitológicos del mundo.
_n5
_933724
500 _aYo leo plan lector.
505 _aContenido :Los rakshasas, el don de la oscuridad.
650 _aHistorietas.
_910786
650 _aCuentos de terror.
_931714
700 _aAyala, Gabriel y Mateo.
_931779
942 _2ddc
_cLIBROS
945 _arum
_d2019-04-24